Elements With Only 4 Letters - Statistics

General Stats
  • This quiz has been taken 41 times
  • The average score is 4 of 5
Answer Stats
Answer % Correct
Gold
92%
Neon
86%
Iron
84%
Lead
78%
Zinc
78%
No matching quizzes found
Score Distribution
Percent of People with Each Score
Percentile by Number Answered
Your Score History
You have not taken this quiz